000 00687nam a22001817a 4500
999 _c185943
_d185943
005 20220211110438.0
010 _aENG-131526
020 _a9789353067021
_c670.00
035 _aEN-115058
037 _bDBAD
082 _a658.472
100 _aSharda, Ramesh
245 _aBusiness Intelligence, Analytics, And Data Science:
_bA Managerial Perspective/
_cRamesh Sharda et.al
260 _aUttar Pradesh
_bPearson India Education Services Pvt. Ltd
_c2019
270 _a15th Floor, Tower-B, World Trade Tower, Plot No. 1, Block-C, Sector-16,
_bNoida
_e201301
_mcompanysecretary.india@pearson.com
300 _a512p.
_bIndex
_c26cm(pbk)
942 _2ddc
_cEN
_h658.472
_mSHA